Logos de marcas #3 - Estadísticas

Estadísticas generales
  • Esta prueba ha sido intentada 7.419 veces
  • La puntuación promedio es 15 de 20
Estadísticas de respuestas
Imagen Respuesta % Correcto
Instagram
99%
Domino's Pizza
98%
Gmail
98%
Lacoste
96%
LG
96%
McDonald's
96%
Movistar
96%
Mastercard
87%
Ariel
85%
Bic
85%
SEAT
83%
Chanel
81%
Motorola
77%
Gatorade
76%
CaixaBank
71%
Converse
54%
Kodak
43%
Bacardí
39%
Knorr
37%
Lufthansa
27%
No se encontraron pruebas coincidentes
Distribución de puntuación
Porcentaje de gente con cada puntuación
Porcentaje por número respondido
Historial de tus puntuaciones
No has intentado esta prueba.